000 00455nam a2200181Ia 4500
001 13049
003 IN-NITTTR
005 20251114233122.0
008 251113s9999||||xx |||||||||||||| ||eng||
040 _beng
040 _cIN-NITTTR
041 _aeng
082 _a005.136 T36A
100 _aInman, Don
245 0 _aAssembly language graphics for the TRS- 80 color computer /
_cInman, Don, Inman, Kurt
700 _a Inman, Kurt
942 _2ddc
_cBK
999 _c15685
_d15685